Online
Catalog

Elegía a la muerte de Juan Ponce de León : (Record no. 5980)

MARC details
000 -CABECERA
campo de control de longitud fija 00888nam a2200217 a 4500
001 - NÚMERO DE CONTROL
campo de control 000006185
005 - FECHA Y HORA DE LA ÚLTIMA TRANSACCIÓN
campo de control 20200929151950.0
008 - DATOS DE LONGITUD FIJA--INFORMACIÓN GENERAL
campo de control de longitud fija 751016s1980 pr 000 p spa
020 ## - NÚMERO INTERNACIONAL ESTÁNDAR DEL LIBRO
Número Internacional Estándar del Libro 8449913519
040 ## - FUENTE DE LA CATALOGACIÓN
Centro catalogador/agencia de origen DO-SdBNP
Lengua de catalogación spa
Centro/agencia transcriptor BNPHU
082 ## - NÚMERO DE LA CLASIFICACIÓN DECIMAL DEWEY
Número de clasificación PR861.1
Número de documento/Ítem C348e, 1980.
100 1# - ENTRADA PRINCIPAL--NOMBRE DE PERSONA
Nombre de persona Castellaños, Juan de,
Fechas asociadas al nombre 1522-1607.
9 (RLIN) 17333
245 10 - MENCIÓN DE TÍTULO
Título Elegía a la muerte de Juan Ponce de León :
Resto del título donde se cuenta la conquista de Borinquen /
Mención de responsabilidad, etc. Juan de Castellaños ; estudio preliminar María Teresa Babín ; traducción Muna Lee.
250 ## - MENCIÓN DE EDICIÓN
Mención de edición 2a ed.
260 ## - PUBLICACIÓN, DISTRIBUCIÓN, ETC.
Lugar de publicación, distribución, etc. San Juan, Puerto Rico, :
Nombre del editor, distribuidor, etc. Instituto de Cultura Puertorriqueña,
Fecha de publicación, distribución, etc. 1980.
300 ## - DESCRIPCIÓN FÍSICA
Extensión 95 p. : ;
Dimensiones 24 cm.
600 10 - PUNTO DE ACCESO ADICIONAL DE MATERIA--NOMBRE DE PERSONA
Nombre de persona PONCE DE LEÓN, JUAN,
Fechas asociadas al nombre 1460?-1521
Subdivisión de forma POETA
9 (RLIN) 17334
650 #4 - PUNTO DE ACCESO ADICIONAL DE MATERIA--TÉRMINO DE MATERIA
Término de materia o nombre geográfico como elemento de entrada Poesía puertorriqueña
9 (RLIN) 1015
650 #4 - PUNTO DE ACCESO ADICIONAL DE MATERIA--TÉRMINO DE MATERIA
Término de materia o nombre geográfico como elemento de entrada Literatura puertorriqueña
Subdivisión cronológica SIGLO XVI
9 (RLIN) 17335
650 #4 - PUNTO DE ACCESO ADICIONAL DE MATERIA--TÉRMINO DE MATERIA
Término de materia o nombre geográfico como elemento de entrada Literatura latinoaméricana
Subdivisión cronológica SIGLO XVI
9 (RLIN) 17336
Holdings
Estado de retiro Estado de pérdida Restricciones de uso No para préstamo Código de colección Localización permanente Ubicación/localización actual Ubicación en estantería Fecha de adquisición Número de inventario Total de préstamos Signatura topográfica completa Código de barras Fecha visto por última vez Precio válido a partir de Tipo de ítem Koha
    Préstamo interno   Monografías: Libros y Folletos General General Depósito 26.08.2009 LF1   PR861.1 C348e, 1980. 6185-10 25.06.2020 25.06.2020 Préstamo interno
  Extraviado   Excluido de préstamo Monografías: Libros y Folletos Patrimonio Dominicano Patrimonio Dominicano Extraviado 03.04.2017 LF1   PR861.1 C348e, 1980. 6185-20 25.06.2020 25.06.2020 No se presta

Powered by Koha